书目信息 |
| 题名: |
华乐大典
|
|
| 作者: | 乔建中 总主编 ;王中山 , 姚艺君 主编 ;中国民族管弦乐学会 编 | |
| 分册: | 上 古筝卷 | |
| 出版信息: | 上海 上海音乐出版社 2016.06 |
|
| 页数: | 456页 | |
| 开本: | 31cm | |
| 丛书名: | ||
| 单 册: | ||
| 中图分类: | J632 , J648.32 | |
| 科图分类: | ||
| 主题词: | 民族器乐--研究--中国 , 筝--器乐曲--作品集--中国 | |
| 电子资源: | ||
| ISBN: | 978-7-5523-1123-5 | |
| 000 | 01217nam0 2200325 450 | |
| 001 | 0120161946636 | |
| 005 | 20180906092033.51 | |
| 010 | @a978-7-5523-1123-5@dCNY138.00 | |
| 100 | @a20161109d2016 em y0chiy50 ea | |
| 101 | 0 | @achi |
| 102 | @aCN@b310000 | |
| 105 | @afg z 000yy | |
| 106 | @ar | |
| 200 | 1 | @a华乐大典@9hua yue da dian@i古筝卷@i乐曲篇@h上@f中国民族管弦乐学会编 |
| 210 | @a上海@c上海音乐出版社@d2016.06 | |
| 215 | @a456页@c照片@d31cm | |
| 300 | @a“十二五”国家重点图书出版规划项目 国家出版基金项目 | |
| 314 | @a总主编:乔建中 主编:王中山,姚艺君 | |
| 330 | @a本书主要内容包括:陈杏元和番、陈杏元院落、高山流水、打雁、小飞舞、打秋千、思情、上楼、下楼、叹颜回、慢吟、寒鹊争梅、思春、葡萄架、闺中怨、莺转桃李等。 | |
| 333 | @a民族器乐曲相关研究人员 | |
| 606 | 0 | @a民族器乐@x研究@y中国 |
| 606 | 0 | @a筝@x器乐曲@x作品集@y中国 |
| 690 | @aJ632@v5 | |
| 690 | @aJ648.32@v5 | |
| 701 | 0 | @a乔建中@9qiao jian zhong@f(1941-)@4总主编 |
| 702 | 0 | @a王中山@9wang zhong shan@f(1968-)@4主编 |
| 702 | 0 | @a姚艺君@9yao yi jun@f(1955-)@4主编 |
| 712 | 02 | @a中国民族管弦乐学会@9zhong guo min zu guan xian yue xue hui@4编 |
| 801 | 0 | @aCN@b人天书店@c20161109 |
| 905 | @b1085655-58@dJ632@e134:1@f4 | |
| 华乐大典.古筝卷.乐曲篇.上/中国民族管弦乐学会编.-上海:上海音乐出版社,2016.06 |
| 456页:照片;31cm |
| “十二五”国家重点图书出版规划项目 国家出版基金项目.-使用对象:民族器乐曲相关研究人员 |
| ISBN 978-7-5523-1123-5:CNY138.00 |
| 本书主要内容包括:陈杏元和番、陈杏元院落、高山流水、打雁、小飞舞、打秋千、思情、上楼、下楼、叹颜回、慢吟、寒鹊争梅、思春、葡萄架、闺中怨、莺转桃李等。 |
| ● |
| 相关链接 |
|
|
|
|
正题名:华乐大典
索取号:J632/134:1
 
预约/预借
| 序号 | 登录号 | 条形码 | 馆藏地/架位号 | 状态 | 备注 |
| 1 | 1085655 | 210856554 | 第一样本阅览室/ [索取号:J632/134:1] | 在馆 | |
| 2 | 1085656 | 210856563 | 教育系资料室/ [索取号:J632/134:1] | 在馆 | |
| 3 | 1085657 | 210856572 | 教育系资料室/ [索取号:J632/134:1] | 在馆 | |
| 4 | 1085658 | 210856581 | 第一借阅区/ [索取号:J632/134:1] | 在馆 |